Azab den sengsara; (Record no. 84779)

MARC details
000 -LEADER
fixed length control field 00605cam a22002291 4500
001 - CONTROL NUMBER
control field sa 68012844
003 - CONTROL NUMBER IDENTIFIER
control field DLC
005 - DATE AND TIME OF LATEST TRANSACTION
control field 20260227112616.0
008 - FIXED-LENGTH DATA ELEMENTS--GENERAL INFORMATION
fixed length control field 940331s1965 io a 000 1 ind
010 ## - LIBRARY OF CONGRESS CONTROL NUMBER
LC control number sa 68012844
025 ## - OVERSEAS ACQUISITION NUMBER
Overseas acquisition number PL480:Indo-5247
035 ## - SYSTEM CONTROL NUMBER
System control number (OCoLC)30063709
040 ## - CATALOGING SOURCE
Original cataloging agency DLC
Transcribing agency CU
Modifying agency DLC
042 ## - AUTHENTICATION CODE
Authentication code premarc
050 00 - LIBRARY OF CONGRESS CALL NUMBER
Classification number PL5089.S518
Item number A9 1965
100 1# - MAIN ENTRY--PERSONAL NAME
Personal name Siregar, Merari.
245 10 - TITLE STATEMENT
Title Azab den sengsara;
Remainder of title kissah kehidupan seorang anak gadis.
250 ## - EDITION STATEMENT
Edition statement Tjet. 4.
260 ## - PUBLICATION, DISTRIBUTION, ETC.
Place of publication, distribution, etc. Djakarta,
Name of publisher, distributor, etc. Balai Pustaka,
Date of publication, distribution, etc. 1965.
300 ## - PHYSICAL DESCRIPTION
Extent 180 p.
Other physical details illus.
Dimensions 19 cm.
500 ## - GENERAL NOTE
General note A novel.

No items available.

Powered by Koha